| 000 | 00787nam a2200241 i 4500 | ||
|---|---|---|---|
| 001 | 184145 | ||
| 003 | ES-MaACL | ||
| 005 | 20240320062613.0 | ||
| 008 | 150325s1970 sp |||| | spa d | ||
| 080 | _a821.134.2-31"19" | ||
| 100 | 0 |
_aAzorín, _d1873-1967 _924326 |
|
| 245 | 1 | 0 |
_aAntonio Azorín / _cJ. Martínez Ruiz, Azorín ; edición, prólogo y notas de E. Inman Fox. |
| 260 |
_aBarcelona : _bLabor, _c1970. |
||
| 300 |
_a196 p. ; _c18 cm. |
||
| 490 | 1 |
_aTextos hispánicos modernos ; _v9 |
|
| 504 | _aBibliografía: p. 29-34. | ||
| 597 | _aEn contracub.: retr. del autor. | ||
| 598 | _aColección dir. por Francisco Rico. | ||
| 700 | 1 |
_aFox, E. Inman. _952020 |
|
| 830 | 0 |
_aTextos hispánicos modernos ; _v9 _9181506 |
|
| 852 | 1 |
_aBA _jE-15517 |
|
| 999 |
_c184145 _d184145 |
||